Statistics for U.S. States with a Unique First Letter Flags

Click here to take the quiz!

General Stats

  • This quiz has been taken 19 times
  • The average score is 7 of 8

Answer Stats

Answer% Correct
Florida
94%
Hawaii
94%
Delaware
89%
Rhode Island
89%
Georgia
83%
Louisiana
78%
Pennsylvania
72%
Utah
67%

Score Distribution

Percentile by Number Answered

Percent of People with Each Score

Your Score History

You have not taken this quiz